000
00335nam a2200133Ia 4500
008
240624s9999 xx 000 0 und d
041
_a
eng
082
_a
338 INN
100
_a
INNOCENTI ALESSANDRO
245
_a
NEUROSCIENCE AND THE ECONOMICS OF DECISI
260
_c
2012
_a
London
_b
Routledge
300
_a
224 : p.
365
_c
GBP
_b
28
999
_c
21766
_d
21766